Introduction to the legal system in East Africa / (Record no. 12013)

MARC details
000 -LEADER
fixed length control field 00982nam a22002652 4500
001 - CONTROL NUMBER
control field 0000009126
005 - DATE AND TIME OF LATEST TRANSACTION
control field 20151217155217.0
008 - FIXED-LENGTH DATA ELEMENTS--GENERAL INFORMATION
fixed length control field 080904s xx 000 0 eng d
020 ## - INTERNATIONAL STANDARD BOOK NUMBER
Terms of availability KES 2090
040 ## - CATALOGING SOURCE
Original cataloging agency KABU
Transcribing agency KABU
100 1# - MAIN ENTRY--PERSONAL NAME
Personal name Harvey, William Burnett.
-- 0000160337
245 10 - TITLE STATEMENT
Title Introduction to the legal system in East Africa /
Statement of responsibility, etc. William Burnett Harvey.
260 ## - PUBLICATION, DISTRIBUTION, ETC. (IMPRINT)
Place of publication, distribution, etc. Nairobi :
Name of publisher, distributor, etc. K. L. B.,
Date of publication, distribution, etc. 1975.
300 ## - PHYSICAL DESCRIPTION
Extent xxxiii, 902 p.
650 #0 - SUBJECT ADDED ENTRY--TOPICAL TERM
Topical term or geographic name as entry element Law
Geographic subdivision Africa, East.
-- 0000160338
650 #0 - SUBJECT ADDED ENTRY--TOPICAL TERM
Topical term or geographic name as entry element Law
General subdivision Cases
Geographic subdivision Africa, East.
-- 0000160339
852 1# - LOCATION
-- p5500 KES
852 1# - LOCATION
-- p5500 KES
852 1# - LOCATION
-- p5500 KES
852 1# - LOCATION
-- p5500 KES
852 1# - LOCATION
-- p5500 KES
852 1# - LOCATION
-- p5500 KES
908 ## - PUT COMMAND PARAMETER (RLIN)
Put command parameter 080904
950 ## - LOCAL HOLDINGS (RLIN)
-- 1
Holdings
Withdrawn status Lost status Source of classification or shelving scheme Not for loan Home library Current library Date acquired Total Checkouts Total Renewals Full call number Barcode Checked out Date last seen Date last checked out Price effective from Koha item type
    Library of Congress Classification   Kabarak, Main Campus Kabarak, Main Campus 17/12/2015 7 1 KQC117 .H37 c. 17 018869 17/04/2025 16/03/2025 16/03/2025 17/12/2015 General Collection
    Library of Congress Classification   Kabarak, Main Campus Kabarak, Main Campus 17/12/2015 3 1 KQC117 .H37 c. 21 018861   08/02/2025 23/01/2025 17/12/2015 General Collection
    Library of Congress Classification   Kabarak, Main Campus Kabarak, Main Campus 17/12/2015 4   KQC117 .H37 c. 25 018853   05/04/2025 23/01/2025 17/12/2015 General Collection
    Library of Congress Classification   Kabarak, Main Campus Kabarak, Main Campus 17/12/2015 5   KQC117 .H37 c. 11 018872   21/02/2025 06/02/2025 17/12/2015 General Collection
    Library of Congress Classification   Kabarak, Main Campus Kabarak, Main Campus 17/12/2015 5 2 KQC117 .H37 c. 19 018866   10/03/2025 24/02/2025 17/12/2015 General Collection
    Library of Congress Classification   Kabarak, Main Campus Kabarak, Main Campus 17/12/2015 9 2 KQC117 .H37 c. 14 018855   19/03/2025 18/02/2025 17/12/2015 General Collection
Designed with assistance from East African Informatics Ltd